[Event "Budapest"]
[Site "Budapest"]
[Date "1991.??.??"]
[Round "9"]
[White "Rogers, Ian"]
[Black "Blatny, Pavel"]
[Result "1/2-1/2"]
[WhiteElo "2545"]
[BlackElo "2495"]

1.d4 d5 2.c4 e6 3.Nc3 Nf6 4.cxd5 exd5 5.Bg5 Nbd7 6.e3 h6 7.Bh4 Be7 8.Qc2 O-O
9.Nf3 Re8 10.Bd3 c6 11.O-O Nf8 12.Rae1 Nh5 13.Bxe7 Rxe7 14.b4 Nf6 15.b5 cxb5
16.Nxb5 a6 17.Nc3 Qa5 18.Rc1 Bd7 19.Qb3 Be8 20.Ne2 Ne6 21.a3 Bb5 22.Bxb5 axb5
23.Nc3 Nc7 24.Rb1 Ne4 25.Nxb5 Nxb5 26.Qxb5 Qxa3 27.Qb2 Nc3 28.Qxa3 Rxa3 29.Rb6 Ra6
30.Rb3 Rc7 31.g3 Ra2 32.Ne5 Ne4 33.Rb5 Rcc2 34.Nd3 Rd2 35.Rb3 g5 36.Nb4 Ra5
37.Nd3 g4 38.h3 gxh3 39.Kh2 Raa2 40.Kxh3 Rxd3 41.Rxd3 Rxf2 42.Rdd1 Kg7 43.g4 Ng5+
44.Kg3 Ne4+ 45.Kh3 Ng5+ 46.Kg3  1/2-1/2

[Event "Budapest"]
[Site "Budapest"]
[Date "1991.??.??"]
[Round "13"]
[White "Blatny, Pavel"]
[Black "Carlier, Bruno"]
[Result "1-0"]
[WhiteElo "2495"]
[BlackElo "2375"]

1.e4 e6 2.d4 b6 3.Nc3 Bb7 4.Nf3 c5 5.d5 Nf6 6.Bc4 exd5 7.exd5 d6 8.O-O Be7
9.Re1 O-O 10.Bg5 Nbd7 11.Qe2 Re8 12.Bb5 Qc7 13.Bxf6 Bxf6 14.Qxe8+ Rxe8 15.Rxe8+ Nf8
16.Rae1 g6 17.Ne4 Bxb2 18.c3 c4 19.Nf6+ Kg7 20.R1e7 Qc5 21.Rxb7 Qxb5 22.Ree7  1-0

[Event "Corfu op"]
[Site "Corfu"]
[Date "1991.??.??"]
[Round "2"]
[White "Nikolaidis, Konstantinos"]
[Black "Blatny, Pavel"]
[Result "1-0"]
[WhiteElo "2245"]
[BlackElo "2495"]

1.e4 e5 2.Nf3 Nc6 3.Bc4 Nf6 4.d3 Be7 5.O-O O-O 6.Nc3 d6 7.a3 Bg4 8.h3 Bh5
9.Nd5 Kh8 10.Ne3 Qd7 11.g4 Bg6 12.Nh4 Ng8 13.Nhg2 Nd4 14.f4 exf4 15.Nxf4 Ne6
16.Nf5 Bf6 17.c3 Rae8 18.Qf3 b5 19.Ba2 Ne7 20.Bd2 Nc6 21.Nd5 Bd8 22.Rae1 a5
23.h4 Bxf5 24.exf5 Nc5 25.d4 Rxe1 26.Rxe1 Na4 27.f6 Nxb2 28.fxg7+ Kxg7 29.Nf6 Qc8
30.Nh5+ Kh8 31.Bh6 Bxh4 32.Bxf8 Qxf8 33.Re2 Ne7 34.Rxb2 Qh6 35.Re2 Qc1+ 36.Kh2 f5  1-0

[Event "Corfu op"]
[Site "Corfu"]
[Date "1991.??.??"]
[Round "6"]
[White "Mastrokoukos, Georgios"]
[Black "Blatny, Pavel"]
[Result "0-1"]
[WhiteElo "2310"]
[BlackElo "2495"]

1.e4 e5 2.Nf3 Nc6 3.Bc4 h6 4.d4 exd4 5.O-O Bc5 6.c3 d3 7.Qxd3 d6 8.e5 Nge7
9.b4 d5 10.Bb5 Bb6 11.Nd4 O-O 12.Bxc6 bxc6 13.a4 a5 14.Re1 Be6 15.Be3 Qd7
16.bxa5 Rxa5 17.Nb3 d4 18.cxd4 Rxe5 19.Qd2 Rd5 20.a5 Ba7 21.Qc1 Nf5 22.Nc3 Nh4
23.f3 Rh5 24.Nc5 Bxc5 25.dxc5 Bh3 26.Re2 Bxg2 27.Rxg2 Nxg2 28.Kxg2 Qh3+ 29.Kf2 Qxh2+
30.Kf1 Rh3 31.Ra2 Qh1+ 32.Bg1 Rxf3+ 33.Rf2 Qh3+  0-1

[Event "Corfu op"]
[Site "Corfu"]
[Date "1991.??.??"]
[Round "9"]
[White "Kalesis, Nikolaos"]
[Black "Blatny, Pavel"]
[Result "0-1"]
[WhiteElo "2260"]
[BlackElo "2495"]

1.d4 Nf6 2.c4 e6 3.Nc3 d5 4.cxd5 exd5 5.Bg5 Nbd7 6.e3 Be7 7.Bd3 b6 8.Nf3 Bb7
9.O-O O-O 10.Rc1 c5 11.Bb1 Rc8 12.Qd3 c4 13.Qf5 g6 14.Qh3 Re8 15.Ne5 Nf8
16.f4 N6d7 17.Bh6 f6 18.Ng4 f5 19.Ne5 Nxe5 20.fxe5 Qd7 21.Rxf5 Rcd8 22.Rcf1 Bc8
23.Qf3 gxf5 24.Qg3+ Ng6 25.Bxf5 Qc6 26.e6 Bh4 27.Qg4 Bxe6 28.e4 dxe4 29.d5 Bxf5
30.Rxf5 Qc5+ 31.Kh1 Qd4 32.g3 Bf6 33.Ne2 Qd1+ 34.Kg2 Bg7 35.Bxg7 Kxg7 36.h4 Rf8
37.Rf4 Kh8 38.Qh5 Rxf4  0-1

[Event "BL2-N qual"]
[Site "Germany"]
[Date "1991.??.??"]
[Round "?"]
[White "Blatny, Pavel"]
[Black "Forintos, Gyozo V"]
[Result "1-0"]
[WhiteElo "2495"]
[BlackElo "2360"]

1.d4 Nf6 2.Nf3 c5 3.c3 e6 4.Bf4 b6 5.e3 Bb7 6.Nbd2 Be7 7.Bd3 Nh5 8.Bg3 d6
9.Qe2 a6 10.O-O-O Nd7 11.Ne4 Nxg3 12.hxg3 c4 13.Bc2 b5 14.g4 b4 15.cxb4 Bxe4
16.Bxe4 d5 17.Bxh7 Bxb4 18.Bc2 Rxh1 19.Rxh1 Qa5 20.Rh8+ Nf8 21.a4 Bd6 22.Nd2 Rb8
23.Nb1 Qb6 24.Bd1 Bb4 25.Qc2 Ke7 26.Nc3 Qd6 27.Kd2 Ba5 28.f4 Rb7 29.g3 Nd7
30.g5 g6 31.Rh2 Nb8 32.Ke2 Nc6 33.Na2 Qb8 34.Kf1 Rb3 35.Qc1 Rb7 36.Rf2 Kd7
37.Kg2 Qa7 38.g4 Ne7 39.Nc3 Rb8 40.Bf3 Qb6 41.e4 Bxc3 42.Qxc3 Qb4 43.exd5 exd5
44.Qe3 Qd6 45.f5 Rb3 46.Qe5 Qxe5 47.dxe5 Nc6 48.Bxd5 Nxe5 49.Bxf7 gxf5 50.g6 Nxg6
51.Bxg6 fxg4 52.Bf5+ Kc7 53.Bxg4 Kb6 54.Rc2 Rb4 55.Bd7 Kc5 56.Kf3 Rb6 57.Rd2 Kb4
58.Ke4 Rh6 59.Kd5 Kb3 60.Kc5 Rg6 61.Bc6 Rh6 62.Rd4  1-0

[Event "BL2-N9091"]
[Site "Germany"]
[Date "1991.??.??"]
[Round "?"]
[White "Blatny, Pavel"]
[Black "Blauert, Joerg"]
[Result "1-0"]
[WhiteElo "2495"]
[BlackElo "2395"]

1.d4 Nf6 2.Nf3 d5 3.Bf4 c5 4.c3 Qb6 5.Qb3 Nc6 6.e3 c4 7.Qc2 Bf5 8.Qc1 e6
9.Nbd2 Qd8 10.Be2 Bd6 11.O-O Ne4 12.Re1 O-O 13.Nxe4 Bxe4 14.Nd2 Bg6 15.Bxd6 Qxd6
16.e4 f6 17.Bf3 b5 18.exd5 exd5 19.Nf1 Bd3 20.Ne3 Ne7 21.Nc2 Nc6 22.Ne3 Ne7
23.a4 a6 24.Ra3 Kf7 25.Qa1 b4 26.cxb4 Rfb8 27.b3 Rxb4 28.bxc4 Bxc4 29.Nxc4 Rxc4
30.Rb3 Ra7 31.Qb1 g6 32.Rb6 Rc6 33.Rb8 Rac7 34.g3 Rc8 35.Rxc8 Rxc8 36.Qb7 Rc7
37.Qb8 Kg7 38.Kg2 Qd7 39.Qb6 Rc4 40.Bg4 f5 41.Be2 Rc6 42.Qb4 Kf7 43.Bf3 Re6
44.Rb1 Rc6 45.Qb8 Rc8 46.Qe5 Qe6 47.Qf4 Qd7 48.Re1 Nc6 49.h4 Re8 50.Rb1 Re6
51.Kh2 Kg7 52.Rc1 Qd8 53.Rc5 Ne7 54.Rc7 Kg8 55.Ra7 Nc8 56.Ra8  1-0

[Event "BL2-N qual"]
[Site "Germany"]
[Date "1991.??.??"]
[Round "?"]
[White "Sievers, Stefan"]
[Black "Blatny, Pavel"]
[Result "0-1"]
[WhiteElo "2330"]
[BlackElo "2495"]

1.e4 e5 2.Nf3 Nc6 3.Bb5 a6 4.Ba4 Nf6 5.d4 exd4 6.O-O Be7 7.Re1 b5 8.e5 Nxe5
9.Rxe5 d6 10.Re1 bxa4 11.Bg5 O-O 12.Qe2 h6 13.Bh4 g5 14.Nxd4 Bd7 15.Bxg5 hxg5
16.Qxe7 Qxe7 17.Rxe7 c5 18.Ne2 Rfb8 19.b3 Be6 20.f4 Nd5 21.Rxe6 fxe6 22.fxg5 Ne3
23.Na3 Rf8 24.Re1 axb3 25.axb3 Rf5 26.h4 Rb8 27.Nc1 Ng4 28.Rxe6 Re5 29.Rxe5 dxe5
30.Nd3 Rf8 31.Nxc5 Ne3 32.Nd7 Rf1+ 33.Kh2 Ra1 34.Nc4 Nxc4 35.bxc4 a5 36.h5 Rd1
37.Nxe5 a4 38.g6 Kg7 39.g4 Re1 40.Nd3 Re4 41.Nc5 Re2+ 42.Kg3 a3 43.Kf4 a2
44.Nb3 Rxc2 45.Kg5 Rxc4 46.h6+ Kg8 47.Kf5 Rb4 48.Na1 Rb1 49.Nc2 Rc1  0-1

[Event "BL2-N9091"]
[Site "Germany"]
[Date "1991.??.??"]
[Round "?"]
[White "Blatny, Pavel"]
[Black "Dankert, Peter"]
[Result "1/2-1/2"]
[WhiteElo "2500"]
[BlackElo "2265"]

1.e4 Nf6 2.e5 Nd5 3.d4 d6 4.Nf3 Bg4 5.Be2 e6 6.c4 Nb6 7.exd6 cxd6 8.h3 Bh5
9.Be3 Be7 10.Nc3 O-O 11.g4 Bg6 12.h4 d5 13.c5 Nc4 14.Bxc4 dxc4 15.Ne5 Nc6
16.Nxg6 fxg6 17.Qa4 b5 18.Nxb5 Rb8 19.Qxc4 Qd7 20.Qe2 a6 21.Nc3 Nxd4 22.Bxd4 Qxd4
23.Rd1 Qxc5 24.Qxe6+ Kh8 25.O-O Bxh4 26.Ne4 Qb4 27.a3 Qa4 28.f3 Rbe8 29.Qd5 Rd8
30.Qc5 h6 31.Rxd8 Rxd8 32.Qb6 Kh7 33.g5 Qd4+ 34.Qxd4 Rxd4 35.gxh6 gxh6 36.Rc1 Rd7
37.Rc6 a5 38.Ra6 Bd8 39.b4 axb4 40.axb4 Rb7 41.Nd6 Rd7 42.b5 h5 43.Kg2 Bc7
44.Ne4 Be5 45.b6 Kh6 46.Ra7 Rd5 47.Rf7 Rb5  1/2-1/2

[Event "BL2-N9091"]
[Site "Germany"]
[Date "1991.??.??"]
[Round "?"]
[White "Blatny, Pavel"]
[Black "Koelle, Arthur"]
[Result "1-0"]
[WhiteElo "2500"]
[BlackElo "2260"]

1.d4 d5 2.Nf3 e6 3.Bf4 Nf6 4.e3 c5 5.c3 Nc6 6.Nbd2 Bd6 7.Bg3 O-O 8.Bd3 Re8
9.Ne5 Bxe5 10.dxe5 Nd7 11.Nf3 Nf8 12.O-O Bd7 13.Qe2 h6 14.Rad1 f5 15.exf6 Qxf6
16.e4 Ng6 17.Qd2 Nce7 18.Rfe1 Bc6 19.exd5 Bxd5 20.Ne5 Rad8 21.Ng4 Qf7 22.Bb5 Rf8
23.c4 Bc6 24.Qxd8 Rxd8 25.Rxd8+ Kh7 26.h4 h5 27.Ne3 Qf6 28.Rd2 Nxh4 29.Bxh4 Qxh4
30.Nf1 Qg4 31.f3 Qg5 32.Rxe6 h4 33.Bxc6 Nxc6 34.Rd5 Qc1 35.Re4 Qxb2 36.Rxh4+ Kg8
37.Re4 Qxa2 38.Ne3 Qa1+ 39.Kh2 Qf6 40.Nf5 Nb4 41.Ne7+  1-0

[Event "BL2-N9091"]
[Site "Germany"]
[Date "1991.??.??"]
[Round "?"]
[White "Blatny, Pavel"]
[Black "Muse, Mladen"]
[Result "1/2-1/2"]
[WhiteElo "2495"]
[BlackElo "2460"]

1.Nf3 Nf6 2.d4 g6 3.Nc3 d5 4.Bf4 Bg7 5.e3 O-O 6.Be2 c5 7.dxc5 Qa5 8.Nd2 Qxc5
9.Nb3 Qb6 10.O-O e6 11.a4 a5 12.Nb5 Na6 13.c4 dxc4 14.Nd2 Bd7 15.Nxc4 Qd8
16.Bf3 Nd5 17.Bxd5 exd5 18.Qxd5 Nb4 19.Qd6 Ra6 20.Qc7 Qe8 21.Ncd6 Qe6 22.Qc4 Nd5
23.Bg3 Bxb2 24.Rad1 Nb6 25.Qe2 Nxa4 26.Nc7 Qb3 27.Nxa6 bxa6 28.Qxa6 Nc3 29.Rd2 a4
30.Qc4 Qxc4 31.Nxc4 Bb5 32.Rxb2 Bxc4 33.Ra1 Ne2+ 34.Kh1 Nxg3+ 35.hxg3 Bb3
36.Kg1 Rc8 37.Kf1 Kg7 38.Ke2 Rc5 39.g4 Rc7 40.f4 h6 41.Kd3 Rd7+ 42.Ke2 Rc7
43.Rd2 Rc3 44.Kf2 Rc7 45.e4 Rc4 46.Ke3 Rc3+ 47.Rd3 Rc2 48.g3 Rc5 49.e5 Rb5
50.Rc3 Rb4 51.Rc7 Be6 52.Ra7 Rb3+ 53.Kd4 Rxg3 54.R1xa4 Rxg4 55.R4a6 Kg8 56.Ra8+ Kg7
57.R8a7 Kf8 58.Ra8+ Kg7  1/2-1/2

[Event "BL2-N9091"]
[Site "Germany"]
[Date "1991.??.??"]
[Round "?"]
[White "Cladouras, Panagiotis"]
[Black "Blatny, Pavel"]
[Result "1/2-1/2"]
[WhiteElo "2355"]
[BlackElo "2495"]

1.e4 e5 2.Nf3 Nc6 3.Bb5 a6 4.Ba4 Nf6 5.O-O Be7 6.Bxc6 dxc6 7.d3 Nd7 8.b3 f6
9.Bb2 Nc5 10.Nc3 Ne6 11.Ne2 c5 12.Nh4 g6 13.f4 exf4 14.Nxf4 Nxf4 15.Rxf4 g5
16.Rf2 gxh4 17.Qh5+ Kd7 18.Qd5+ Ke8 19.Qh5+ Kd7 20.Qd5+ Ke8  1/2-1/2

[Event "BL2-N9091"]
[Site "Germany"]
[Date "1991.??.??"]
[Round "?"]
[White "Seils, Joerg"]
[Black "Blatny, Pavel"]
[Result "1/2-1/2"]
[WhiteElo "2270"]
[BlackElo "2495"]

1.e4 e5 2.Nf3 Nc6 3.Bc4 d6 4.c3 h6 5.d4 Qe7 6.O-O g6 7.d5 Nb8 8.Bb5+ Nd7
9.c4 Nf6 10.Nc3 Bg7 11.Ne1 O-O 12.Nd3 Nb6 13.Qb3 a6 14.Ba4 Nh5 15.Be3 Nxa4
16.Qxa4 f5 17.f3 f4 18.Bf2 g5 19.h3 Rf6 20.c5 Rg6 21.Rfc1 g4 22.hxg4 Ng3
23.Bxg3 fxg3 24.cxd6 cxd6 25.Ne2 Bxg4 26.fxg4 Qh4 27.Nxg3 Qxg3 28.Nf2 Rd8
29.Rf1 Qe3 30.Qb3 Qa7 31.Rae1 Bf6 32.Qe3 Qb8 33.Nh3 Qc7 34.Rf5 Rc8 35.Ref1 Qg7
36.Qf3 Rf8 37.Kh1 b5 38.Ng1 Be7 39.Rxf8+ Qxf8 40.Rc1 Rf6 41.Qh3 Rf4 42.Nf3  1/2-1/2

[Event "BL2-N9091"]
[Site "Germany"]
[Date "1991.??.??"]
[Round "?"]
[White "Storm, Roland"]
[Black "Blatny, Pavel"]
[Result "1-0"]
[WhiteElo "2310"]
[BlackElo "2495"]

1.d4 d5 2.Nf3 e6 3.Bf4 Bd6 4.e3 Bxf4 5.exf4 Qd6 6.Qd2 b6 7.Nc3 a5 8.Bd3 Ba6
9.f5 exf5 10.Bxf5 Ne7 11.Bd3 O-O 12.O-O Ng6 13.Rfe1 Bxd3 14.Qxd3 Nc6 15.Ne5 Nb4
16.Qd1 Nxe5 17.Rxe5 c5 18.Re2 Rad8 19.Rd2 c4 20.Qf3 Rfe8 21.Rad1 Qg6 22.a3 Nxc2
23.Ne2 c3 24.Qxc3 Rc8 25.Qb3 Rc4 26.g3 Qc6 27.Qd3 b5 28.b3 Rxe2 29.Rxe2 Rxd4
30.Qxc2  1-0

[Event "Kecskemet GM"]
[Site "Kecskemet"]
[Date "1991.??.??"]
[Round "2"]
[White "Blatny, Pavel"]
[Black "Hracek, Zbynek"]
[Result "0-1"]
[WhiteElo "2495"]
[BlackElo "2485"]

1.e4 c6 2.Nc3 d5 3.Nf3 Bg4 4.h3 Bxf3 5.Qxf3 Nf6 6.g4 dxe4 7.Nxe4 Nxe4 8.Qxe4 Nd7
9.Bg2 Nf6 10.Qc4 e6 11.O-O Be7 12.b4 a6 13.d3 O-O 14.Bd2 Nd5 15.a4 Bf6 16.Rae1 Qd6
17.a5 Rad8 18.Re4 Rd7 19.Rfe1 g6 20.Qb3 Rfd8 21.d4 Qe7 22.c3 Bg5 23.f4 Bh6
24.Qc2 Qf8 25.Rf1 Re7 26.Re2 Bg7 27.Kh1 Ree8 28.Ref2 f5 29.Re2 Qd6 30.Qb3 Rf8
31.Rfe1 Rde8 32.g5 h6 33.c4 Nxf4 34.c5 Qxd4 35.Be3 Nxe2 36.Bxd4 Nxd4 37.Qc4 hxg5
38.Rd1 Rd8 39.Re1 Rfe8 40.Rd1 Kf7 41.Qf1 Bf6 42.Qf2 Nb5 43.Re1 Rd7 44.Qe3 Rd4
45.Qb3 g4 46.Bf1 Nc7 47.Rd1 Rxd1 48.Qxd1 Rd8 49.Qe1 gxh3 50.Qg3 Nd5 51.Bc4 e5
52.Qb3 e4 53.b5 axb5 54.Bxb5 cxb5 55.Qxb5 e3 56.Qxb7+ Kf8 57.Qa6 Re8 58.Qd6+ Kg7
59.Qd7+ Re7  0-1

[Event "Kecskemet GM"]
[Site "Kecskemet"]
[Date "1991.??.??"]
[Round "3"]
[White "Krizsany, Laszlo"]
[Black "Blatny, Pavel"]
[Result "0-1"]
[WhiteElo "2335"]
[BlackElo "2495"]

1.d4 Nf6 2.c4 e6 3.Nc3 d5 4.cxd5 exd5 5.Bg5 Nbd7 6.e3 Be7 7.Nf3 O-O 8.Bd3 Re8
9.O-O h6 10.Bh4 c6 11.Qc2 Nh5 12.Bxe7 Rxe7 13.b4 Nhf6 14.Rfc1 Nf8 15.b5 cxb5
16.Nxb5 Bd7 17.Qb3 Bxb5 18.Qxb5 Rc8 19.Bf5 Rxc1+ 20.Rxc1 Rc7 21.Qb2 g6 22.Bd3 N8d7
23.g3 Nb6 24.Nd2 Na4 25.Qa3 Rxc1+ 26.Qxc1 Kg7 27.Qc2 Qa5 28.Nf3 Nc3 29.Ne5 Nce4
30.f3 Qe1+ 31.Kg2 Nc3 32.Qb2 b6 33.Qb4 Qd2+ 34.Kh3 Nh7 35.f4 Ne4 36.Qxd2 Nxd2
37.Kg2 Nf6 38.Nf3 Nc4 39.Bxc4 dxc4 40.Ne1 Ne4 41.Nc2 f5 42.Kf3 Nc3 43.a3 a5
44.g4 b5 45.gxf5 gxf5 46.d5 Nxd5 47.e4 fxe4+ 48.Kxe4 b4 49.axb4 axb4  0-1

[Event "Kecskemet GM"]
[Site "Kecskemet"]
[Date "1991.??.??"]
[Round "4"]
[White "Blatny, Pavel"]
[Black "Tratar, Marko"]
[Result "1-0"]
[WhiteElo "2495"]
[BlackElo "2340"]

1.d4 Nf6 2.Nf3 g6 3.Nc3 d5 4.Bf4 Bg7 5.e3 O-O 6.Be2 c5 7.dxc5 Qa5 8.O-O Qxc5
9.Nd4 Nc6 10.Nb3 Qb6 11.Bf3 Qd8 12.Rb1 e6 13.Bg3 b6 14.Qe2 Bb7 15.Rfd1 Qc8
16.Nb5 Ba6 17.c4 Bxb5 18.cxb5 Ne7 19.Rbc1 Qd8 20.Nd4 Rc8 21.Nc6 Qd7 22.Qc2 Kh8
23.Qa4 a5 24.Rc2 Nf5 25.Be5 Qb7 26.g4 Nh4 27.Bh1 g5 28.Qd4 Ne8 29.Bxg7+ Nxg7
30.Qf6 Ng6 31.Rdc1 Qc7 32.Bf3 Qd6 33.Be2 Rc7 34.Bd3 Nh4 35.Kh1 Kg8 36.f4 d4
37.Rd1 Ng6 38.Bxg6 fxg6 39.Qxd4 Qxd4 40.Rxd4 gxf4 41.exf4 h5 42.h3 Rcf7 43.Ne5 Rxf4
44.Rxf4 Rxf4 45.Rc8+ Kh7 46.Rh8+ Kxh8 47.Nxg6+ Kg8 48.Nxf4 hxg4 49.hxg4 Kf7
50.Kg2 Ne8 51.a4 Nd6 52.Kf3 Kf6 53.Nd3 e5 54.Nf2 Ke6 55.Ne4 Nf7 56.Ke3 Nh6
57.g5 Nf5+ 58.Kd3 Ne7 59.Nf6 Nc8 60.Ke4 Nd6+ 61.Kd3 Nc8 62.b3 Ne7 63.Ke4 Nc8
64.Ne8 Kd7 65.Ng7 Nd6+ 66.Kxe5 Nb7 67.Nf5 Nc5 68.Nd4  1-0

[Event "Kecskemet GM"]
[Site "Kecskemet"]
[Date "1991.??.??"]
[Round "6"]
[White "Blatny, Pavel"]
[Black "Klaric, Zlatko"]
[Result "1-0"]
[WhiteElo "2495"]
[BlackElo "2395"]

1.e4 e5 2.Nf3 Nc6 3.Bb5 Nge7 4.c3 a6 5.Ba4 g6 6.d4 exd4 7.cxd4 b5 8.Bc2 Bg7
9.Nc3 O-O 10.d5 Na5 11.O-O d6 12.Re1 c5 13.dxc6 Naxc6 14.Bf4 Bg4 15.h3 Bxf3
16.Qxf3 Nd4 17.Qd1 Rc8 18.Bb3 b4 19.Ne2 Nec6 20.Bd5 Qf6 21.Be3 Ne6 22.Rc1 Ncd4
23.Nxd4 Nxd4 24.Qd3 Nb5 25.Rxc8 Rxc8 26.Bb7 Re8 27.Bxa6 Nc7 28.Bc4 Qe7 29.Qb3 Rb8
30.Rc1 Ne6 31.Bd5 Nc5 32.Qc2 Rc8 33.a4 Rc7 34.b3 h5 35.Qc4 Bc3 36.Qb5 Kh7
37.Qb8 Rd7 38.Qb5 Rc7 39.a5 Qd7 40.Qxd7 Rxd7 41.Bxc5 dxc5 42.a6 c4 43.bxc4 Bd4
44.c5 Rc7 45.Rc4 Be5 46.g3 b3 47.Rb4 b2 48.Bb7 Bd4 49.c6 Re7 50.Rxb2  1-0

[Event "Kecskemet GM"]
[Site "Kecskemet"]
[Date "1991.??.??"]
[Round "10"]
[White "Blatny, Pavel"]
[Black "Ivanov, Oleg"]
[Result "1-0"]
[WhiteElo "2495"]
[BlackElo "2390"]

1.e4 e6 2.d4 d5 3.e5 c5 4.c3 Nc6 5.Nf3 Qb6 6.Be2 cxd4 7.cxd4 Nh6 8.Nc3 Nf5
9.Na4 Bb4+ 10.Kf1 Qd8 11.h4 f6 12.g4 Nfe7 13.a3 Ba5 14.exf6 gxf6 15.g5 Nf5
16.b4 Bb6 17.Nxb6 Qxb6 18.gxf6 O-O 19.Rg1+ Kh8 20.b5 Ncxd4 21.Nxd4 Qxd4 22.Qxd4 Nxd4
23.Bh6 Nxe2 24.Kxe2 Rf7 25.Rg5 Bd7 26.Rag1 Bxb5+ 27.Kd2 Rd7 28.Rg7 Rxg7 29.Rxg7 Bc6
30.Rc7  1-0

[Event "Kecskemet GM"]
[Site "Kecskemet"]
[Date "1991.??.??"]
[Round "11"]
[White "Borriss, Martin"]
[Black "Blatny, Pavel"]
[Result "0-1"]
[WhiteElo "2340"]
[BlackElo "2495"]

1.e4 e5 2.Nf3 Nc6 3.Bb5 a6 4.Ba4 Nf6 5.O-O Be7 6.Re1 b5 7.Bb3 O-O 8.a4 Bb7
9.d3 d6 10.c3 Na5 11.Ba2 c5 12.Na3 c4 13.axb5 axb5 14.Bg5 Ba6 15.Bxf6 Bxf6
16.dxc4 bxc4 17.Nd2 Qc7 18.Nc2 Rfb8 19.Nb4 Bb7 20.Qe2 Rc8 21.Nf1 Qc5 22.Ne3 Bd8
23.Qg4 g6 24.Rad1 h5 25.Qd7 Bg5 26.Ned5 Kg7 27.Qh3 Ra7 28.Qg3 Bd8 29.Bb1 Rb8
30.Ne3 Kh6 31.Bc2 Bg5 32.Qf3 f5 33.Ned5 f4 34.Ra1 Bc8 35.Qe2 Bg4 36.Qf1 Rf8
37.Bd1 f3 38.Ne3 Raf7 39.Nbd5 fxg2 40.Qxg2 Be6 41.Qg3 Rxf2 42.h4 Bd8 43.Kh1 Bxd5
44.Nxd5 Rf1+ 45.Rxf1 Rxf1+ 46.Kh2 Bxh4 47.Qe3+ Qxe3 48.Nxe3 Rf2+ 49.Kh3 Bd8
50.Rb1 Bg5 51.Nd5 Bf4 52.Nxf4 exf4 53.Ra1 Nc6 54.Ra6 Ne5 55.Rxd6 Nf7  0-1

[Event "Kecskemet GM"]
[Site "Kecskemet"]
[Date "1991.??.??"]
[Round "13"]
[White "Blatny, Pavel"]
[Black "Stajcic, Nikola"]
[Result "1-0"]
[WhiteElo "2495"]
[BlackElo "2345"]

1.e4 d6 2.d4 Nf6 3.Nc3 g6 4.Nf3 Bg7 5.Be2 O-O 6.O-O c6 7.a4 a5 8.Bf4 Na6
9.Qd2 Re8 10.Rad1 Nb4 11.Bh6 Bh8 12.h3 d5 13.e5 Nd7 14.Nh2 Nf8 15.f4 f5 16.g4 Bg7
17.Bxg7 Kxg7 18.Kh1 b6 19.Rg1 e6 20.Rg2 Kh8 21.Rdg1 Ra7 22.Nd1 c5 23.Nc3 Bd7
24.Nb5 Bxb5 25.axb5 c4 26.c3 Nd3 27.Bxd3 cxd3 28.Qxd3 Qd7 29.b3 a4 30.c4 Ra5
31.bxa4 dxc4 32.Qxc4 Rc8 33.Qb4 Qd5 34.Rf1 Rca8 35.Ra1 Kg8 36.Ra3 Qe4 37.Nf1 Qxf4
38.Kg1 Rd8 39.Rd3 Qe4 40.Rdd2 f4 41.g5 Qa8 42.Ra2 Qe4 43.Rge2 Ra7 44.Ra3 Qf5
45.Nh2 Qxg5+ 46.Rg2 Qe7 47.Qxe7 Rxe7 48.Nf3 Ra7 49.Rc2 Rda8 50.Rc6 Rxa4 51.Rxa4 Rxa4
52.Rxb6 Ra1+ 53.Kf2 Ra2+ 54.Ke1 Ra3 55.Ke2 Re3+ 56.Kf2 Kf7 57.Ng5+ Ke7 58.Rb7+ Ke8
59.b6 Rb3 60.Ne4 Kd8 61.Rb8+ Ke7 62.Nd6  1-0

[Event "Lenk"]
[Site "Lenk"]
[Date "1991.??.??"]
[Round "2"]
[White "Blatny, Pavel"]
[Black "Ilic, Zoran"]
[Result "1-0"]
[WhiteElo "2495"]
[BlackElo "2395"]

1.d4 c5 2.c3 cxd4 3.cxd4 d5 4.Nc3 Nf6 5.Nf3 Nc6 6.Bf4 e6 7.e3 Bd6 8.Bg3 O-O
9.Bd3 b6 10.Rc1 Bb7 11.a3 a6 12.Bb1 Na5 13.Ne5 Rc8 14.O-O Nc4 15.Qe2 b5 16.f4 g6
17.Be1 Be7 18.Rd1 Nd7 19.Rf3 f5 20.g4 Nf6 21.gxf5 gxf5 22.Qg2+ Kh8 23.Ng6+ hxg6
24.Qxg6 Rf7 25.Qxf7 Qg8+ 26.Qxg8+ Rxg8+ 27.Kh1 Nxb2 28.Rc1 Nc4 29.Bh4 Rg6
30.a4 b4 31.Nd1 a5 32.Nf2 Bd6 33.Bxf6+ Rxf6 34.Rg1 Bf8 35.Rh3+ Bh6 36.Nd3 Bc6
37.Ne5 Be8 38.Bd3 Nd6 39.Rc1 Bxa4 40.Rc7 Bd1 41.Rd7 Bg4 42.Rh4 Ne4 43.Bxe4 dxe4
44.Nf7+ Rxf7 45.Rxf7 Kg8 46.Ra7 Bg7 47.Rxg4  1-0

[Event "Lenk"]
[Site "Lenk"]
[Date "1991.??.??"]
[Round "3"]
[White "Drechsler, Christoph"]
[Black "Blatny, Pavel"]
[Result "0-1"]
[WhiteElo "2200"]
[BlackElo "2495"]

1.e4 e5 2.Nf3 Nc6 3.Bb5 a6 4.Ba4 Nf6 5.O-O Be7 6.Bxc6 dxc6 7.Re1 Nd7 8.d3 O-O
9.Nbd2 f6 10.Nf1 Nc5 11.Ne3 g6 12.h3 Ne6 13.Nh2 Ng7 14.c3 c5 15.Qc2 Be6 16.b3 c6
17.Bb2 Qb6 18.Rad1 Rad8 19.Kh1 Bc8 20.Nf3 Ne6 21.Rd2 Rd7 22.Red1 Rfd8 23.Qb1 Qa7
24.Qa1 b5 25.a3 Qc7 26.Qa2 Kg7 27.b4 Nf4 28.Qb1 c4 29.dxc4 Rxd2 30.Rxd2 Rxd2
31.Nxd2 Qd7 32.Nf3 Qd3 33.Qxd3 Nxd3 34.Nd1 bxc4 35.Nd2 Be6 36.Ba1 f5 37.exf5 gxf5
38.Ne3 Nxf2+ 39.Kg1 Nd3 40.Nexc4 Bg5 41.Kf1 e4 42.Ke2 Nc1+ 43.Kf2 Bh4+ 44.Ke3 Bg5+
45.Kf2 Bxc4 46.Nxc4 f4 47.Nd6 e3+ 48.Kf3 e2 49.c4+ Kg6 50.Bc3 Bh4 51.Kxf4 Bf6
52.Be1 Nd3+ 53.Ke3 Nxe1 54.Kxe2 Nc2 55.Nc8 Kf5 56.Na7 Nd4+ 57.Kd3 Ke6 58.a4 Kd7
59.a5 Kc7 60.b5 cxb5  0-1

[Event "Lenk"]
[Site "Lenk"]
[Date "1991.??.??"]
[Round "4"]
[White "Georges, Sacha"]
[Black "Blatny, Pavel"]
[Result "0-1"]
[WhiteElo "2200"]
[BlackElo "2495"]

1.e4 e5 2.Nf3 Nc6 3.Bb5 a6 4.Bxc6 dxc6 5.O-O Bg4 6.h3 h5 7.d3 Bd6 8.Nbd2 Nh6
9.Re1 Qf6 10.d4 Qg6 11.dxe5 Be7 12.Kf1 Be6 13.Qe2 O-O-O 14.Nc4 b5 15.Ne3 Qxe4
16.a4 g5 17.axb5 axb5 18.Bd2 g4 19.hxg4 hxg4 20.Ng1 Nf5 21.b3 Nd4 22.Qd1 Kb7
23.Ra2 Rh2 24.Qa1 Bc5 25.Qc3 Bd5 26.Rea1 Rxg2 27.Nxd5 Rxg1+  0-1

[Event "Lenk"]
[Site "Lenk"]
[Date "1991.??.??"]
[Round "9"]
[White "Blatny, Pavel"]
[Black "Klauser, Markus"]
[Result "1-0"]
[WhiteElo "2495"]
[BlackElo "2370"]

1.d4 g6 2.Nf3 Bg7 3.Nc3 d5 4.Bf4 c6 5.e3 Qb6 6.Na4 Qa5+ 7.c3 Nd7 8.b4 Qd8
9.Be2 Ngf6 10.Ne5 O-O 11.h4 Ne4 12.f3 Nd6 13.h5 f6 14.Nxd7 Bxd7 15.hxg6 hxg6
16.Qc2 e5 17.Bh6 Bf5 18.e4 dxe4 19.g4 Bxh6 20.Rxh6 Kg7 21.gxf5 Kxh6 22.fxe4 b6
23.O-O-O Qe7 24.dxe5 Nf7 25.e6 Ne5 26.Nb2 Rad8 27.Nd3 Nxd3+ 28.Bxd3 Kg7 29.Qe2 Rh8
30.Rg1 g5 31.e5 Kf8 32.Bc2 Rd5 33.exf6 Qxf6 34.Qa6 Rh3 35.Kb1 Qxc3 36.Qc8+ Kg7
37.Qc7+ Kh6 38.Qe7 Qg7 39.f6 Qh8 40.Qf7  1-0

[Event "Nimes op"]
[Site "Nimes"]
[Date "1991.??.??"]
[Round "4"]
[White "Blatny, Pavel"]
[Black "Pastircak, Milan"]
[Result "1/2-1/2"]
[WhiteElo "2495"]
[BlackElo "2375"]

1.Nf3 c5 2.c3 Nf6 3.d4 cxd4 4.cxd4 d5 5.Nc3 Nc6 6.Bf4 Bf5 7.e3 e6 8.Bd3 Bxd3
9.Qxd3 Bd6 10.O-O O-O 11.Rac1 Rc8 12.Bxd6 Qxd6 13.Nb5 Qb8 14.Nd2 Ne7 15.Qa3 Rxc1
16.Rxc1 Rc8 17.Rxc8+ Nxc8 18.Qa5 b6 19.Qa6 Ne8 20.Qa4 h6 21.h4 Nc7 22.Nf3 Nxb5
23.Qxb5 Qc7 24.Qe8+ Kh7 25.g4 Nd6 26.Qf8 Ne4 27.g5 Qc2 28.g6+ fxg6 29.Ne5 Qb1+
30.Kg2 Nd2 31.Qf7 Qe4+ 32.f3 Qc2 33.Nd7 Ne4+ 34.Kh3 Nf2+ 35.Kg3 Nh1+ 36.Kh3 Nf2+  1/2-1/2

[Event "Nimes op"]
[Site "Nimes"]
[Date "1991.??.??"]
[Round "6"]
[White "Blatny, Pavel"]
[Black "Moal, Alain"]
[Result "1-0"]
[WhiteElo "2495"]
[BlackElo "2220"]

1.d4 d5 2.Nf3 c6 3.Bf4 Nf6 4.e3 Bf5 5.Nbd2 Nbd7 6.Nh4 e6 7.Nxf5 exf5 8.h4 Ne4
9.f3 Nxd2 10.Qxd2 Nf6 11.O-O-O Bd6 12.Bd3 Bxf4 13.exf4 g6 14.Qb4 Qd7 15.Rde1+ Kd8
16.Re5 Re8 17.Rhe1 h5 18.Rxe8+ Nxe8 19.Qf8 Rc8 20.g4  1-0

[Event "Nimes op"]
[Site "Nimes"]
[Date "1991.??.??"]
[Round "9"]
[White "Plesec, Damjan"]
[Black "Blatny, Pavel"]
[Result "0-1"]
[WhiteElo "2335"]
[BlackElo "2495"]

1.d4 d5 2.Nf3 e6 3.e3 Nf6 4.Bd3 Nbd7 5.Nbd2 c5 6.c3 Bd6 7.O-O O-O 8.Re1 Qc7
9.Qe2 e5 10.e4 Re8 11.dxe5 Nxe5 12.Nxe5 Bxe5 13.g3 c4 14.Bc2 Bh3 15.Ba4 Re6
16.exd5 Nxd5 17.Ne4 Bf5 18.Qf3 Ne7 19.Ng5 Bxg3 20.Nxe6 Bxh2+ 21.Kf1 fxe6
22.Bg5 Rf8 23.Kg2 Ng6 24.Rad1 h6 25.Rd7 hxg5 26.Kh1 Nh4 27.Qxb7 Qxb7+ 28.Rxb7 Bd6  0-1

[Event "Triberg"]
[Site "Triberg"]
[Date "1991.??.??"]
[Round "5"]
[White "Blatny, Pavel"]
[Black "Pioch, Thomas"]
[Result "1-0"]
[WhiteElo "2495"]
[BlackElo "2230"]

1.d4 Nf6 2.Nf3 b6 3.Bf4 Bb7 4.e3 e6 5.Nbd2 Be7 6.Bd3 c5 7.c3 d6 8.Qe2 O-O
9.h4 Nc6 10.O-O-O Rc8 11.Kb1 cxd4 12.exd4 Re8 13.Ne4 Nxe4 14.Bxe4 g6 15.Bg5 d5
16.Bc2 Na5 17.Bc1 Nc4 18.Ne5 Nxe5 19.Qxe5 Qd6 20.Qe3 Bf6 21.h5 e5 22.hxg6 hxg6
23.Qh6 e4 24.Bg5 Bg7 25.Qh7+ Kf8 26.Rh6 Re6 27.Rdh1 f5 28.Qxg7+  1-0

[Event "Triberg"]
[Site "Triberg"]
[Date "1991.??.??"]
[Round "10"]
[White "Blatny, Pavel"]
[Black "Reinhardt, Bernd"]
[Result "1-0"]
[WhiteElo "2495"]
[BlackElo "2255"]

1.d4 g6 2.Nf3 Bg7 3.e4 d6 4.Nc3 Nd7 5.Be2 e6 6.Be3 Ne7 7.Qd2 h6 8.O-O-O a6
9.h4 b5 10.Bd3 c5 11.dxc5 dxc5 12.e5 Qa5 13.Kb1 b4 14.Ne4 Nd5 15.Bc4 N5b6
16.Nd6+ Kf8 17.Nxc8 Rxc8 18.Qd6+ Ke8 19.Bxe6 fxe6 20.Qxe6+ Kf8 21.Qxg6  1-0

[Event "Vienna op"]
[Site "Vienna"]
[Date "1991.??.??"]
[Round "1"]
[White "Schuh, Franz"]
[Black "Blatny, Pavel"]
[Result "1/2-1/2"]
[WhiteElo "2355"]
[BlackElo "2480"]

1.e4 e5 2.Nf3 Nc6 3.Bb5 a6 4.Ba4 Nf6 5.O-O Be7 6.Qe2 b5 7.Bb3 O-O 8.c3 d6
9.h3 Na5 10.Bc2 c5 11.d4 Qc7 12.d5 Nd7 13.b3 f5 14.exf5 Nb6 15.g4 Nxd5 16.c4 bxc4
17.bxc4 Nb4 18.Be4 Bb7 19.Nc3 Bxe4 20.Qxe4 Qc6 21.Nd5 Nxd5 22.cxd5 Qb5 23.Rb1 Qc4
24.Qxc4 Nxc4 25.Rb7 Bf6 26.Bg5 e4 27.Bxf6 gxf6 28.Nh2 Rab8 29.Rfb1 Rxb7 30.Rxb7 Rf7
31.Rb8+ Rf8 32.Rb7  1/2-1/2